00725nam a22002171a 4500001000800000005001700008008004100025010001300066035001900079040002800098050001900126050001800145082001800163100005400181245011000235250001100345260003700356300004600393504004000439650002800479798310220160325020005.0740927s1964 mauab b 000 0 eng  a64002061 a(OCoLC)1023840 aDLCcOKentUdOCoLCdDLC00aHM66b.O2 1964 aHM 66.O2 1964 aHM 66.O2 19641 aO'Brien, Robert W.d1907-q(Robert William),eed.10aReadings in general sociologyc[by] Robert W. O'Brien, Clarence C. Schrag [and] Walter T. Martin.h[Text] a3d ed. aBostonbHoughton Mifflinc[1964] axii, 526 p. illus., diagrs., maps. 26 cm. aincludes bibliographical references 0aSociologyxCollections.